Amanat terakhir Rasulullah menjelang wafat / (Record no. 1332)

000 -LEADER
fixed length control field nam a22 a 4500
003 - CONTROL NUMBER IDENTIFIER
control field AKMAL
005 - DATE AND TIME OF LATEST TRANSACTION
control field 20170509101716.0
008 - FIXED-LENGTH DATA ELEMENTS--GENERAL INFORMATION
fixed length control field 170509s2000 my | e | l000 0 may d
020 ## - INTERNATIONAL STANDARD BOOK NUMBER
International Standard Book Number 9831369278 (kkt.)
039 #9 - LEVEL OF BIBLIOGRAPHIC CONTROL AND CODING DETAIL [OBSOLETE]
Level of rules in bibliographic description 200510051230
Level of effort used to assign nonsubject heading access points ninaliza
Level of effort used to assign subject headings 200509301603
Level of effort used to assign classification normila
040 ## - CATALOGING SOURCE
Original cataloging agency AKMAL
Transcribing agency AKMAL
082 04 - DEWEY DECIMAL CLASSIFICATION NUMBER
Classification number 297.63 QAY
Edition number 22
090 20 - LOCALLY ASSIGNED LC-TYPE CALL NUMBER (OCLC); LOCAL CALL NUMBER (RLIN)
Classification number (OCLC) (R) ; Classification number, CALL (RLIN) (NR) 297.63
Local cutter number (OCLC) ; Book number/undivided call number, CALL (RLIN) QAY
100 1# - MAIN ENTRY--PERSONAL NAME
Personal name Qahtani, Said Ali Muhammad
9 (RLIN) 2615
245 10 - TITLE STATEMENT
Title Amanat terakhir Rasulullah menjelang wafat /
Statement of responsibility, etc. Said bin Ali Muhammad Al-Qahthani
260 ## - PUBLICATION, DISTRIBUTION, ETC.
Place of publication, distribution, etc. Kuala Lumpur :
Name of publisher, distributor, etc. Synergy Publishing,
Date of publication, distribution, etc. [200-?]
300 ## - PHYSICAL DESCRIPTION
Extent ix, 138ms ;
Dimensions 22cm.
500 ## - GENERAL NOTE
General note Mengandungi ayat-ayat dari Quran
600 0# - SUBJECT ADDED ENTRY--PERSONAL NAME
Personal name Muhammad,
Titles and other words associated with a name Prophet,
Dates associated with a name -632
9 (RLIN) 1135
942 ## - ADDED ENTRY ELEMENTS (KOHA)
Source of classification or shelving scheme
Koha item type Book
Holdings
Withdrawn status Lost status Source of classification or shelving scheme Damaged status Not for loan Collection code Home library Current library Date acquired Inventory number Total Checkouts Full call number Barcode Date last seen Price effective from Koha item type
          NON-FICTION AKMAL Melaka AKMAL Melaka 09.05.2017 200929   297.63 QAY 201702526 09.05.2017 09.05.2017 Book
Pusat Sumber Maklumat Dato' Haji Sarmin Md Hussin, Akademi Kastam Diraja Malaysia, Melaka
Tel: 06-2331106 | Faks: 06-2313787